Every Song by Sugar Ray - Statistics

General Stats
  • This quiz has been taken 5 times
  • The average score is 5 of 86
Answer Stats
Album Song % Correct
14:59(1999) Every Morning
75%
14:59(1999) Someday
75%
Floored(1997) Fly
50%
Floored(1997) Fly
50%
Sugar Ray(2001) Answer the Phone
25%
Music for Cougars(2009) Boardwalk
25%
14:59(1999) Burning Dog
25%
14:59(1999) Falls Apart
25%
14:59(1999) Live & Direct
25%
14:59(1999) New Direction [Intro]
25%
14:59(1999) New Direction [Outro]
25%
14:59(1999) Personal Space Invader
25%
Music for Cougars(2009) She's Got the (Woo-Hoo)
25%
Sugar Ray(2001) When It's Over
25%
Lemonade and Brownies(1995) 10 Seconds Down
0%
In the Pursuit of Leisure(2003) 56 Hope Road
0%
14:59(1999) Aim for Me
0%
Little Yachty(2019) All of the Time
0%
Floored(1997) American Pig
0%
Floored(1997) Anyone
0%
Lemonade and Brownies(1995) Big Black Woman
0%
In the Pursuit of Leisure(2003) Blues from a Gun
0%
Floored(1997) Breathe
0%
In the Pursuit of Leisure(2003) Bring Me the Head of...
0%
Lemonade and Brownies(1995) Caboose
0%
Little Yachty(2019) California Gold
0%
In the Pursuit of Leisure(2003) Can't Start
0%
Floored(1997) Cash
0%
In the Pursuit of Leisure(2003) Chasin' You Around
0%
Music for Cougars(2009) Closer
0%
Little Yachty(2019) Coconut Bay
0%
Music for Cougars(2009) Dance Like No One's Watchin'
0%
Lemonade and Brownies(1995) Dance Party USA
0%
Lemonade and Brownies(1995) Danzig Needs a Hug
0%
Sugar Ray(2001) Disasterpiece
0%
Lemonade and Brownies(1995) Drive By
0%
Lemonade and Brownies(Bonus)(1995) Dr. J
0%
14:59(1999) Even Though
0%
Music for Cougars(2009) (Girls, Girls, Girls) Made to Love
0%
Music for Cougars(2009) Girls Were Made to Love
0%
14:59(1999) Glory
0%
Music for Cougars(2009) Going Nowhere
0%
Little Yachty(2019) Good Good Lovin
0%
In the Pursuit of Leisure(2003) Heaven
0%
Floored(1997) High Anxiety
0%
Little Yachty(2019) Highest Tree
0%
Lemonade and Brownies(1995) Hold Your Eyes
0%
In the Pursuit of Leisure(2003) In Through the Doggie Door
0%
Non-Album(2007) Into Yesterday
0%
Floored(1997) Invisible
0%
Lemonade and Brownies(1995) Iron Mic
0%
Sugar Ray(2001) Just a Little
0%
Music for Cougars(2009) Last Days
0%
Music for Cougars(2009) Love 101
0%
Little Yachty(2019) Make It Easy
0%
Lemonade and Brownies(1995) Mean Machine
0%
Music for Cougars(2009) Morning Sun
0%
In the Pursuit of Leisure(2003) Mr. Bartender (It's So Easy)
0%
14:59(1999) Ode to the Lonely Hearted
0%
Lemonade and Brownies(Hidden)(1995) One Brave Cowboy
0%
Sugar Ray(2001) Ours
0%
Little Yachty(2019) Perfect Mornings
0%
In the Pursuit of Leisure(2003) Photograph of You
0%
Music for Cougars(2009) Rainbow
0%
Lemonade and Brownies(1995) Rhyme Stealer
0%
Floored(1997) Right Direction
0%
Floored(1997) RPM
0%
Sugar Ray(2001) Satellites
0%
Lemonade and Brownies(1995) Scuzzboots
0%
In the Pursuit of Leisure(2003) She's Different
0%
The Best of Sugar Ray(2005) Shot of Laughter
0%
Lemonade and Brownies(1995) Snug Harbor
0%
Sugar Ray(2001) Sorry Now
0%
Floored(1997) Speed Home California
0%
Sugar Ray(2001) Stay On
0%
Lemonade and Brownies(1995) Streaker
0%
Little Yachty(2019) Sunday Love
0%
Floored(1997) Tap, Twist, Snap
0%
Lemonade and Brownies(1995) The Greatest
0%
Little Yachty(2019) Trouble
0%
Sugar Ray(2001) Under the Sun
0%
Sugar Ray(2001) Waiting
0%
In the Pursuit of Leisure(2003) Whatever We Are
0%
Little Yachty(2019) What the World Needs
0%
Music for Cougars(2009) When We Were Young
0%
Sugar Ray(2001) Words to Me
0%
No matching quizzes found
Score Distribution
Percent of People with Each Score
Percentile by Number Answered
Your Score History
You have not taken this quiz